| 000 | 00815nam a22002297a 4500 | ||
|---|---|---|---|
| 999 |
_c19038 _d19038 |
||
| 003 | AR-CdUCM | ||
| 008 | 190516b ||||| |||| 00| 0 spa d | ||
| 040 |
_aMUNICIPALIDAD PROVINCIAL DEL CUSCO _cBIBLIOTECA MUNICIPAL DEL CUSCO |
||
| 082 |
_a621.34 / _bK74 |
||
| 100 |
_aKong, Maynard _940098 |
||
| 245 | _aBasic / | ||
| 260 |
_aLima : _bFondo editorial, _c1988. |
||
| 300 |
_a232 paginas ; _bFormulas, _c25 cm. |
||
| 505 | _aContenido : Computadoras, programas, lenguaje de maquina -- Diagrama de flujo -- Basic elemental -- Tipos de datos en basic -- Funciones y subtrinas... | ||
| 650 |
_aComputadoras _938052 |
||
| 650 |
_aTecnologia _91571 |
||
| 650 |
_aEjercicios matemáticos _940099 |
||
| 650 |
_aManejo de archivos _940100 |
||
| 710 |
_aPUCP _98318 |
||
| 942 |
_2ddc _cLIBROS |
||
| 945 |
_awnts _d2019-05-16 |
||